| 000 | 00383nam a2200157Ia 4500 | ||
|---|---|---|---|
| 008 | 151213s9999 xx 000 0 und d | ||
| 100 | _aW. J.Keegan | ||
| 245 |
_aGlobal Marketing Management _cW. J.Keegan |
||
| 250 | _a5th | ||
| 260 |
_aNew Jersey _bPrentic Hall _c1995 |
||
| 300 | _a2735 p. | ||
| 650 | _aMarketing | ||
| 650 | _aMarketing | ||
| 700 | _aW. J.Keegan | ||
| 999 |
_c1846 _d1846 |
||